Capitals of the World with Map - Statistics

General Stats
  • This quiz has been taken 76 times
  • The average score is 132 of 196
Answers on the Map
Answers color-coded by a green-red scale on the quiz's map according to % correct below.
 
Answer Stats
Continent Capital % Correct
North America Washington, D.C.
100%
North America Mexico City
98%
North America Ottawa
96%
South America Brasília
94%
Europe London
94%
Europe Dublin
92%
Europe Madrid
92%
Europe Moscow
92%
Europe Paris
92%
Europe Kiev
90%
Europe Lisbon
90%
Europe Rome
90%
Africa Cairo
88%
North America Panama City
88%
Asia Tokyo
88%
Asia Beijing
86%
South America Buenos Aires
86%
Europe Oslo
86%
Europe Amsterdam
84%
Europe Athens
84%
Europe Berlin
84%
Europe Brussels
84%
Europe Copenhagen
84%
North America Havana
84%
Europe Helsinki
84%
Europe Luxembourg
84%
Europe Monaco
84%
Asia New Delhi
84%
Asia Seoul
84%
Europe Stockholm
84%
Europe Vatican City
84%
Europe Warsaw
84%
Europe Bern
82%
South America Lima
82%
Asia Jerusalem
80%
North America Kingston
80%
North America Kingstown
80%
South America Santiago
80%
Europe Bucharest
78%
Oceania Canberra
78%
North America Guatemala City
78%
Europe Prague
78%
Europe Reykjavík
78%
Europe San Marino
78%
Europe Vienna
78%
South America Bogotá
76%
Europe Budapest
76%
South America La Paz
76%
South America Quito
76%
Asia Singapore
76%
Europe Sofia
76%
Oceania Wellington
76%
Asia Ankara
73%
Asia Baghdad
73%
North America Port-au-Prince
73%
Africa Tunis
73%
Asia Abu Dhabi
71%
Africa Algiers
71%
Europe Andorra la Vella
71%
South America Caracas
71%
Asia Jakarta
71%
South America Montevideo
71%
Africa Nairobi
71%
North America Nassau
71%
Asia Pyongyang
71%
North America San Salvador
71%
Europe Zagreb
71%
South America Asunción
69%
Asia Bangkok
69%
Europe Bratislava
69%
Asia Kuwait City
69%
Asia Manila
69%
Europe Riga
69%
North America San José
69%
Asia Taipei
69%
Asia Tehran
69%
Asia Beirut
67%
Europe Belgrade
67%
Africa Djibouti
67%
Asia Doha
67%
South America Georgetown
67%
Asia Islamabad
67%
Europe Minsk
67%
Asia Muscat
67%
South America Paramaribo
67%
Asia Riyadh
67%
Africa São Tomé
67%
Europe Sarajevo
67%
Europe Tallinn
67%
Asia Ulaanbaatar
67%
Europe Valletta
67%
Europe Vilnius
67%
Asia Baku
65%
Asia Damascus
65%
Asia Kuala Lumpur
65%
Africa Mogadishu
65%
Europe Pristina
65%
Africa Rabat
65%
Europe Vaduz
65%
Africa Addis Ababa
63%
Africa Antananarivo
63%
Europe Chişinău
63%
Asia Dhaka
63%
Asia Hanoi
63%
Africa Kinshasa
63%
Europe Ljubljana
63%
Africa Luanda
63%
Asia Malé
63%
Asia Nicosia
63%
North America Port of Spain
63%
Africa Pretoria
63%
Asia Sri Jayawardenepura Kotte
63%
Asia Tashkent
63%
Africa Victoria
63%
Africa Windhoek
63%
Africa Abuja
61%
Africa Accra
61%
Asia Ashgabat
61%
Asia Astana
61%
Asia Dili
61%
Asia Dushanbe
61%
Africa Freetown
61%
Asia Kabul
61%
Asia Kathmandu
61%
North America Managua
61%
Africa Maputo
61%
Asia Phnom Penh
61%
Europe Podgorica
61%
Oceania Port Moresby
61%
Asia Sana'a
61%
North America Santo Domingo
61%
Europe Skopje
61%
Europe Tirana
61%
Africa Tripoli
61%
Asia Vientiane
61%
Asia Yerevan
61%
Asia Amman
59%
Asia Bandar Seri Begawan
59%
North America Belmopan
59%
Africa Bissau
59%
Africa Dakar
59%
Africa Harare
59%
Africa Juba
59%
Africa Lusaka
59%
Asia Manama
59%
Asia Naypyidaw
59%
Africa N'Djamena
59%
North America Saint John's
59%
Asia Tbilisi
59%
North America Tegucigalpa
59%
Africa Asmara
57%
Asia Bishkek
57%
Africa Brazzaville
57%
North America Bridgetown
57%
Africa Conakry
57%
Africa Gaborone
57%
Africa Khartoum
57%
Africa Lilongwe
57%
Africa Moroni
57%
Africa Niamey
57%
Africa Nouakchott
57%
Africa Port Louis
57%
Africa Praia
57%
Asia Thimphu
57%
Africa Yamoussoukro
57%
Africa Yaoundé
57%
Oceania Apia
55%
Africa Bamako
55%
North America Basseterre
55%
North America Castries
55%
Africa Dodoma
55%
Africa Kigali
55%
Africa Maseru
55%
Africa Monrovia
55%
Oceania Nuku'alofa
55%
Africa Ouagadougou
55%
North America Saint George's
55%
Oceania Funafuti
53%
Africa Gitega
53%
Oceania Honiara
53%
Oceania Ngerulmud
53%
Oceania Palikir
53%
Africa Porto-Novo
53%
Oceania Suva
53%
Africa Kampala
51%
Africa Libreville
51%
Africa Lomé
51%
Oceania Majuro
51%
North America Roseau
51%
Africa Bangui
49%
Africa Banjul
49%
Oceania Port Vila
49%
Oceania Yaren
49%
Africa Malabo
47%
Africa Mbabane
47%
Oceania Tarawa
39%
No matching quizzes found
Score Distribution
Percent of People with Each Score
Percentile by Number Answered
Your Score History
You have not taken this quiz